000 00468cam a2200193ua 4500
001 9127
005 20260515114428.0
008 150221n ii |||gr||||Z||||||eng
040 _cMAIN
041 _aeng
082 _a954
100 _aUppal, S.,
_eEditor.
245 1 _aThemes in Indian history :
_bPart III /
_cEdited by Shveta Uppal .
250 _a1st.
260 _aNew Delhi:
_bNCERT,
_c2011.
300 _a164p.
653 _aSouth Asia India
942 _cBK
999 _c8192
_d8192